[Event "Bazna , Chinese vs"]
[Site "?"]
[Date "2014.11.22"]
[Round "?"]
[White "Wang, Yue"]
[Black "Parligras, Mircea-Emilian"]
[WhiteElo "2711"]
[BlackElo "2594"]
[Result "1-0"]

1. Nf3 Nf6 2. c4 c5 3. Nc3 Nc6 4. g3 d5 5. cxd5 Nxd5 6. Bg2 g6 7. d3 Bg7 8. Bd2 O-O 9. O-O Nxc3 10. Bxc3 Be6 11. Ng5 Bd7 12. Qd2 Rc8 13. Ne4 b6 14. Qh6 Bxc3 15. bxc3 f6 16. Rfd1 Bg4 17. Rd2 Qd7 18. h3 Be6 19. f4 Nd8 20. g4 Nf7 21. Qh4 Nd6 22. Nxd6 Qxd6 23. Qf2 Rfd8 24. a4 Bd5 25. Rb2 Bxg2 26. Kxg2 e5 27. Rf1 Rf8 28. a5 Rc6 29. axb6 axb6 30. Qf3 exf4 31. Qxf4 Qxf4 32. Rxf4 Re8 33. c4 Kf7 34. Rf1 Rce6 35. Kf2 Rd8 36. Rfb1 Rdd6 37. Ra1 Re7 38. Ra6 Ree6 39. Ra7+ Re7 40. Rba2 Rdd7 41. Rxd7 Rxd7 42. Ra8 Rb7 43. Rc8 Ke6 44. Kf3 Kd7 45. Rh8 Ke6 46. h4 f5 47. g5 Ke5 48. e3 Rd7 49. Re8+ Kd6 50. Rf8 Ke5 51. Ke2 Kd6 52. Rf6+ Kc7 53. h5 gxh5 54. Rxf5 h4 55. Rf4 Kd6 56. Rxh4 Ke5 57. Rh6 Rb7 58. Rf6 h5 59. Rh6 Kf5 60. Rxh5 Kg6 61. Rh6+ Kxg5 62. Rc6 Kf5 63. Rh6 Ke5 64. Kd2 Rb8 65. Kc3 Rb7 66. d4+ cxd4+ 67. exd4+ Ke4 68. Re6+ Kf5 69. Re1 Rh7 70. Kb4 Rh4 71. d5 Rd4 72. Kb5 Kf6 

1-0

[Event "Bazna , Chinese vs"]
[Site "?"]
[Date "2014.11.22"]
[Round "?"]
[White "Ni, Hua"]
[Black "Wang, Yue"]
[WhiteElo "2677"]
[BlackElo "2711"]
[Result "1/2-1/2"]

1. d4 Nf6 2. c4 e6 3. g3 d5 4. Nf3 Be7 5. Bg2 O-O 6. O-O dxc4 7. Ne5 Nc6 8. Bxc6 bxc6 9. Nxc6 Qe8 10. Nxe7+ Qxe7 11. Qc2 e5 12. dxe5 Qxe5 13. Qxc4 Be6 14. Qc2 Bf5 15. Qc4 Be6 16. Qc2 Bf5 17. Qc4 

1/2-1/2

[Event "Bazna , Chinese vs"]
[Site "?"]
[Date "2014.11.22"]
[Round "?"]
[White "Wang, Yue"]
[Black "Deac, Bogdan-Daniel"]
[WhiteElo "2711"]
[BlackElo "2385"]
[Result "1-0"]

1. Nf3 Nf6 2. c4 e6 3. g3 a6 4. Nc3 d5 5. d4 dxc4 6. Bg2 c5 7. O-O Nc6 8. Ne5 Nxe5 9. dxe5 Qxd1 10. Rxd1 Nd7 11. Ne4 Nxe5 12. Bf4 Nc6 13. Nd6+ Bxd6 14. Bxd6 Bd7 15. Rd2 Rc8 16. Rad1 b5 17. Bxc5 Nb8 18. Ba7 Bc6 19. Bxb8 Bxg2 20. Be5 Bd5 21. Bxg7 Rg8 22. Bc3 f5 23. f3 

1-0

[Event "Bazna , Chinese vs"]
[Site "?"]
[Date "2014.11.22"]
[Round "?"]
[White "Costachi, Mihnea"]
[Black "Wang, Yue"]
[WhiteElo "2382"]
[BlackElo "2711"]
[Result "0-1"]

1. d4 Nf6 2. c4 e6 3. Nc3 Bb4 4. e3 O-O 5. Nge2 Re8 6. a3 Bf8 7. d5 d6 8. Ng3 a5 9. Be2 Na6 10. Rb1 g6 11. O-O Bg7 12. b4 axb4 13. axb4 h5 14. Bf3 exd5 15. Nxd5 Nxd5 16. Bxd5 c6 17. Bf3 h4 18. Ne2 Be6 19. b5 cxb5 20. cxb5 Nc5 21. Nd4 Bc4 22. Be2 Bxe2 23. Nxe2 Ra2 24. Nd4 h3 25. Rb2 Rxb2 26. Bxb2 hxg2 27. Kxg2 Qg5+ 28. Kh1 Ne4 29. Nf3 Qxb5 30. Bxg7 Kxg7 31. Kg2 Qf5 32. Qd4+ Kg8 33. Ne1 Qg4+ 34. Kh1 Qe2 35. Kg2 Re5 36. Nf3 Re6 37. Qd1 Qb5 38. Qd4 Re8 39. Rd1 Qf5 40. Qd5 Qg4+ 

0-1

[Event "Bazna , Chinese vs"]
[Site "?"]
[Date "2014.11.22"]
[Round "?"]
[White "Wang, Yue"]
[Black "Jianu, Vlad-Cristian"]
[WhiteElo "2711"]
[BlackElo "2588"]
[Result "1-0"]

1. Nf3 Nf6 2. c4 e6 3. g3 a6 4. Nc3 d5 5. d4 dxc4 6. Bg2 b5 7. Ne5 Ra7 8. a4 Bb7 9. Bxb7 Rxb7 10. axb5 axb5 11. O-O Bd6 12. Bg5 O-O 13. Ra8 h6 14. Bxf6 Qxf6 15. Ne4 Qf5 16. Qb1 Bxe5 17. Nc5 Qxb1 18. Rxb1 Rb6 19. dxe5 Nd7 20. Rxf8+ Nxf8 21. Rd1 Rc6 22. Ne4 b4 23. f4 Ng6 24. Kf2 c3 25. bxc3 bxc3 26. Rc1 c2 27. Ke3 Ne7 28. Kd2 Nd5 29. Rxc2 Rxc2+ 30. Kxc2 Kh7 31. Kd3 Kg6 32. Nc5 Nb4+ 33. Ke4 Nd5 34. Nd7 f6 35. Nc5 Kf7 36. Kd4 Ne7 37. exf6 gxf6 38. e4 e5+ 39. Ke3 Nc6 40. f5 Nd4 41. g4 Ke7 42. h4 Kd6 43. Nd3 c5 44. Nb2 Nc2+ 45. Kd2 Nd4 46. Ke3 Nc2+ 47. Kd3 Nd4 48. Nc4+ Ke7 49. g5 hxg5 50. hxg5 fxg5 51. Nxe5 Nb5 52. Kc4 Nd6+ 53. Kd5 g4 54. Nxg4 c4 55. f6+ Kd7 

1-0

[Event "Kings Tournament Blitz"]
[Site "?"]
[Date "2014.11.22"]
[Round "?"]
[White "Costachi, Mihnea"]
[Black "Wang, Yue"]
[WhiteElo "2382"]
[BlackElo "2711"]
[Result "0-1"]

1. d4 Nf6 2. c4 e6 3. Nc3 Bb4 4. e3 O-O 5. Ne2 Re8 6. a3 Bf8 7. d5 d6 8. Ng3 a5 9. Be2 Na6 10. Rb1 g6 11. O-O Bg7 12. b4 axb4 13. axb4 h5 14. Bf3 exd5 15. Nxd5 Nxd5 16. Bxd5 c6 17. Bf3 h4 18. Ne2 Be6 19. b5 cxb5 20. cxb5 Nc5 21. Nd4 Bc4 22. Be2 Bxe2 23. Nxe2 Ra2 24. Nd4 h3 25. Rb2 Rxb2 26. Bxb2 hxg2 27. Kxg2 Qg5+ 28. Kh1 Ne4 29. Nf3 Qxb5 30. Bxg7 Kxg7 31. Kg2 Qf5 32. Qd4+ Kg8 33. Ne1 Qg4+ 34. Kh1 Qe2 35. Kg2 Re5 36. Nf3 Re6 37. Qd1 Qb5 38. Qd4 Re8 39. Rd1 Qf5 40. Qd5 Qg4+ 

0-1

[Event "4th Chinese Rapid Masters"]
[Site "?"]
[Date "2014.11.18"]
[Round "?"]
[White "Wang, Yue"]
[Black "Ni, Hua"]
[WhiteElo "2711"]
[BlackElo "2677"]
[Result "1/2-1/2"]

1. d4 d5 2. c4 c6 3. Nf3 Nf6 4. e3 Bg4 5. Nc3 e6 6. h3 Bxf3 7. Qxf3 Nbd7 8. Bd3 Bd6 9. O-O O-O 10. Rd1 Qe7 11. Bd2 dxc4 12. Bxc4 e5 13. Bb3 h6 14. Rac1 Rfe8 15. Ne4 Nxe4 16. Qxe4 Nf6 17. Qf5 exd4 18. exd4 Qe4 19. Qxe4 Nxe4 20. Bc3 Nxc3 21. bxc3 Rad8 22. Kf1 Kf8 23. Re1 Rxe1+ 24. Rxe1 Re8 25. Rxe8+ Kxe8 

1/2-1/2

[Event "4th Chinese Rapid Masters"]
[Site "?"]
[Date "2014.11.19"]
[Round "?"]
[White "Ding, Liren"]
[Black "Wang, Yue"]
[WhiteElo "2730"]
[BlackElo "2711"]
[Result "0-1"]

1. c4 Nf6 2. Nc3 e6 3. e4 d5 4. cxd5 exd5 5. e5 Ne4 6. Nf3 Nc6 7. Bb5 Be7 8. O-O O-O 9. Re1 Bf5 10. Bxc6 bxc6 11. Nd4 Bd7 12. Nxe4 dxe4 13. Rxe4 c5 14. Nf3 Bc6 15. Re3 Qd5 16. b3 Rfd8 17. Bb2 a5 18. e6 f6 19. Qc2 a4 20. Rae1 axb3 21. axb3 Rab8 22. h3 Rb4 23. Bc3 Rf4 24. Ra1 Bd6 25. Qd1 Qf5 26. Qe2 Bxf3 27. Rxf3 Rxf3 28. Qxf3 Qxf3 29. gxf3 Kf8 30. d4 cxd4 31. Bxd4 Rb8 32. Rc1 Rxb3 33. Bc5 Ke7 34. Bxd6+ Kxd6 35. f4 f5 36. h4 Rb4 37. f3 Rxf4 38. e7 Kxe7 39. Rxc7+ Kf6 40. h5 Rh4 41. f4 Rg4+ 

0-1

[Event "4th Chinese Rapid Masters"]
[Site "?"]
[Date "2014.11.19"]
[Round "?"]
[White "Wang, Yue"]
[Black "Ma, Qun"]
[WhiteElo "2711"]
[BlackElo "2621"]
[Result "1-0"]

1. Nf3 d5 2. g3 c6 3. Bg2 Bg4 4. O-O e6 5. d3 Nf6 6. Nbd2 Nbd7 7. Qe1 Bd6 8. e4 Qc7 9. b3 Bb4 10. Qe3 Bc3 11. Rb1 e5 12. h3 Bh5 13. g4 Bg6 14. Nh4 O-O 15. Ndf3 Rfe8 16. Nf5 a5 17. Ba3 Bb4 18. Bb2 d4 19. Qe2 Nf8 20. Bc1 Ne6 21. Ng5 a4 22. Nxe6 Rxe6 23. Ng3 Nd7 24. h4 f6 25. g5 fxg5 26. Bxg5 axb3 27. axb3 Rf8 28. Bh3 Ree8 29. h5 Bf7 30. Bf5 Be6 31. Qg4 Bxf5 32. exf5 Be7 33. h6 Bxg5 34. Qxg5 Nf6 35. Kg2 Nd5 36. Qxg7+ Qxg7 37. hxg7 Kxg7 38. Kf3 Ne7 39. Ke4 Nc8 40. Kf3 Nd6 41. Kg4 e4 42. Rbe1 exd3 43. cxd3 c5 44. Kf4 b5 45. Rxe8 Rxe8 46. Ra1 c4 47. bxc4 bxc4 48. Ra7+ Nf7 49. dxc4 Rd8 50. Ne4 d3 51. Ke3 Kf8 52. Ra5 h5 53. f6 Nh6 54. f3 Ng8 55. Rxh5 d2 56. Nxd2 Nxf6 57. Rh8+ Ng8 58. Ne4 Kg7 59. Rh5 Ne7 60. Rb5 Rd1 61. Re5 Ng6 62. Rg5 Rc1 63. Kd4 Kf7 64. Rf5+ Ke7 65. Nc3 Rf1 66. Nd5+ Ke8 67. f4 Nh4 68. Re5+ Kd7 69. Kc5 Ng6 70. Rf5 Ra1 71. Rf7+ Kd8 72. Rg7 Nh4 73. Rh7 Ng6 74. Rh6 Nf8 75. Rh8 Ke8 76. f5 Kf7 77. Kd6 Rf1 78. Rh5 Kg7 79. c5 Nh7 80. c6 Nf6 81. Nxf6 Kxf6 82. c7 Rd1+ 83. Kc6 Rc1+ 84. Kd7 Rd1+ 85. Kc8 Ke7 86. f6+ Kxf6 87. Rb5 

1-0

[Event "4th Chinese Rapid Masters"]
[Site "?"]
[Date "2014.11.20"]
[Round "?"]
[White "Yu, Yangyi"]
[Black "Wang, Yue"]
[WhiteElo "2705"]
[BlackElo "2711"]
[Result "1/2-1/2"]

1. Nf3 Nf6 2. c4 g6 3. g3 Bg7 4. Bg2 c6 5. O-O d5 6. b3 Ne4 7. d4 O-O 8. Bb2 Nd7 9. Nc3 Ndf6 10. Nxe4 Nxe4 11. Ne5 Be6 12. e3 a5 13. a4 Bxe5 14. dxe5 Nc5 15. Ba3 b6 16. cxd5 Bxd5 17. Bxc5 bxc5 18. Rc1 Bxg2 19. Kxg2 Qb6 20. Qc2 Rfb8 21. Rfd1 e6 22. Qc4 Qa6 23. Rd3 Qxc4 24. Rxc4 Ra6 25. Rxc5 Rab6 26. Rcc3 g5 27. g4 Rb4 28. Kg3 R8b6 29. f4 gxf4+ 30. exf4 Re4 31. g5 Kg7 32. Kg4 Rbb4 33. Rf3 Rxe5 34. Rxc6 Re2 35. h4 Rg2+ 36. Kh5 Rb2 37. f5 exf5 38. Rxf5 Rh2 39. Rc4 Rh3 40. Rxa5 Rhxb3 41. Rac5 Rxc4 42. Rxc4 Ra3 43. Kg4 h6 

1/2-1/2

[Event "4th Chinese Rapid Masters"]
[Site "?"]
[Date "2014.11.20"]
[Round "?"]
[White "Wang, Yue"]
[Black "Wang, Hao"]
[WhiteElo "2711"]
[BlackElo "2710"]
[Result "1/2-1/2"]

1. Nf3 Nf6 2. c4 c6 3. g3 d5 4. Bg2 g6 5. b3 Bg7 6. Bb2 O-O 7. O-O Bg4 8. d3 Nbd7 9. Nbd2 Re8 10. h3 Bxf3 11. Nxf3 a5 12. Qc2 e6 13. a3 Qb6 14. Rab1 Nh5 15. Bxg7 Kxg7 16. e3 Nhf6 17. Rfc1 Rec8 18. d4 Qd8 19. Ne1 Ne8 20. Nd3 Nd6 21. Qb2 b5 22. cxb5 cxb5 23. Nc5 a4 24. bxa4 bxa4 25. Bf1 Kg8 26. Bd3 Rab8 27. Qa2 Rxb1 28. Qxb1 Nb6 29. Qb4 Nbc4 30. Rb1 Qf6 31. Kg2 e5 32. Nd7 Qe6 33. Nxe5 Nxe5 34. dxe5 Qxe5 35. Qxa4 Rc3 36. Rb3 Rc1 37. Rb8+ Kg7 38. Qb4 Rc3 39. Bb1 d4 40. Qxd4 Qxd4 41. exd4 Rxa3 42. Rb6 Nc4 43. Rc6 Ra4 44. Bc2 Rb4 45. d5 Ne5 46. Rc7 Rd4 47. Bb3 g5 48. Kf1 Rd2 49. Rc2 Nf3 50. Rc3 Nd4 51. Bc4 Nf5 52. Rd3 Rc2 53. Bb3 Rb2 54. Kg2 h6 55. Bd1 Nd6 56. Bf3 Kf6 57. h4 gxh4 58. gxh4 Rb4 59. h5 Kg5 60. Be2 Re4 61. Bf3 Rb4 62. Bd1 Re4 63. Rg3+ Kf6 64. Ra3 Rd4 65. Bf3 Nf5 66. Kf1 Nh4 67. Ke2 Nf5 68. Ra8 Rb4 69. Ra6+ Ke5 70. Kf1 Rb3 71. Bg4 Nd6 72. Ra8 Rb4 73. Bf3 Rb3 

1/2-1/2

[Event "31st ECC Open"]
[Site "?"]
[Date "2015.10.19"]
[Round "?"]
[White "Schachinger, Mario"]
[Black "Wang, Yue"]
[WhiteElo "2439"]
[BlackElo "2724"]
[Result "1/2-1/2"]

1. d4 Nf6 2. c4 e6 3. Nf3 b6 4. g3 Bb4+ 5. Bd2 a5 6. Bg2 Bb7 7. Nc3 O-O 8. O-O d6 9. Qc2 Nbd7 10. Rfe1 Bxc3 11. Bxc3 Be4 12. Qa4 Qc8 13. Nd2 Bxg2 14. Kxg2 d5 15. e4 dxe4 16. Qc6 Ra7 17. Nxe4 Qa8 18. Nxf6+ Nxf6 19. Qxa8 Raxa8 20. Rad1 Rfd8 21. d5 exd5 22. Bxf6 gxf6 23. cxd5 Rd6 24. Rc1 Rxd5 25. Rxc7 Rd2 26. Ree7 Rf8 27. b3 Rxa2 28. Rb7 a4 29. bxa4 Rxa4 30. Rxb6 Kg7 31. Rbb7 Ra5 32. Red7 Rc5 33. Re7 Ra5 34. Red7 Rc5 35. Re7 

1/2-1/2

[Event "3rd China Mind Team"]
[Site "?"]
[Date "2015.08.29"]
[Round "?"]
[White "Wang, Yue"]
[Black "Ding, Liren"]
[WhiteElo "2721"]
[BlackElo "2770"]
[Result "1/2-1/2"]

1. d4 Nf6 2. c4 e6 3. Nc3 Bb4 4. Nf3 d5 5. cxd5 exd5 6. Bg5 h6 7. Bh4 c5 8. dxc5 Nbd7 9. Qb3 Qa5 10. a3 Bxc3+ 11. Qxc3 Qxc3+ 12. bxc3 Nxc5 13. Nd4 g5 14. Bg3 Nfe4 15. f3 Nxg3 16. hxg3 Ne6 17. g4 Nxd4 18. cxd4 Be6 19. e3 Rc8 20. Kd2 Ke7 21. Bd3 Rc6 22. Rab1 b6 23. Ra1 Bd7 24. Ba6 Rc7 25. Rab1 f6 26. Bd3 Kf7 27. Bc2 Rhc8 28. Bb3 Kg7 29. Rb2 Rc3 30. Ra1 Bb5 31. Bc2 Be8 32. Bf5 R8c7 33. Rc2 Rxc2+ 34. Bxc2 b5 35. Bb3 Bf7 36. Rb1 Rc6 37. Bd1 Rb6 38. Rc1 Ra6 39. Rc3 Be8 40. Be2 Rc6 41. Rb3 Rb6 42. Rb1 Kf8 43. Bd3 Ke7 44. Kc3 Ra6 45. Kb3 Re6 46. Re1 a5 47. Bf5 Rb6 48. Rh1 b4 49. axb4 Rxb4+ 50. Kc3 Rc4+ 51. Kd2 Ra4 52. Rxh6 Ra2+ 53. Kc3 Ra3+ 54. Kd2 Ra2+ 55. Kc1 Rxg2 56. Rh7+ Kd6 57. Ra7 a4 58. Bc2 Re2 59. e4 dxe4 60. fxe4 Bd7 61. Ra6+ Ke7 62. Ra7 a3 63. e5 a2 64. exf6+ Kxf6 65. Rxa2 Bxg4 66. Ra6+ 

1/2-1/2

[Event "3rd China Mind Team"]
[Site "?"]
[Date "2015.08.30"]
[Round "?"]
[White "Xu, Yinglun"]
[Black "Wang, Yue"]
[WhiteElo "2463"]
[BlackElo "2721"]
[Result "0-1"]

1. d4 Nf6 2. c4 e6 3. Nf3 Bb4+ 4. Nbd2 O-O 5. a3 Be7 6. e3 b6 7. Be2 Bb7 8. O-O c5 9. b3 d6 10. Bb2 Nbd7 11. Qc2 Rc8 12. Rac1 Rc7 13. Qb1 Qa8 14. Qa1 Rfc8 15. Rfd1 a6 16. h3 h6 17. Bf1 Bc6 18. Bc3 Bf8 19. Re1 Ne4 20. Nxe4 Bxe4 21. Nd2 Bc6 22. a4 a5 23. Qb2 cxd4 24. Bxd4 e5 25. Bc3 Nc5 26. Red1 Re7 27. f3 Re6 28. e4 Be7 29. Nb1 Rf8 30. Qc2 Rg6 31. Be1 Bg5 32. Bd2 Bxd2 33. Rxd2 Qc8 34. Rcd1 Qxh3 35. Qc3 Qd7 36. Na3 f5 37. exf5 Qxf5 38. Rxd6 Bxf3 

0-1

[Event "3rd China Mind Team"]
[Site "?"]
[Date "2015.08.31"]
[Round "?"]
[White "Zhou, Weiqi"]
[Black "Wang, Yue"]
[WhiteElo "2646"]
[BlackElo "2721"]
[Result "1/2-1/2"]

1. d4 Nf6 2. c4 e6 3. Nc3 Bb4 4. Qc2 O-O 5. a3 Bxc3+ 6. Qxc3 d5 7. Nf3 dxc4 8. Qxc4 b6 9. Bg5 Ba6 10. Qa4 Qd7 11. Qxd7 Nbxd7 12. Bxf6 Nxf6 13. e3 Bb7 14. Be2 Rfc8 15. Rc1 Kf8 16. O-O Ke7 17. Ne5 c5 18. dxc5 Rxc5 19. Nd3 Rxc1 20. Rxc1 Rc8 21. f3 Nd7 22. Kf2 Ne5 23. Rxc8 Nxd3+ 24. Bxd3 Bxc8 25. e4 e5 26. Ke3 f6 27. b4 g5 28. g3 h6 29. Bc4 Kd6 30. Bd3 Ke7 31. Bc4 Kd6 32. Bd3 Ke7 

1/2-1/2

[Event "3rd China Mind Team"]
[Site "?"]
[Date "2015.08.31"]
[Round "?"]
[White "Wan, Yunguo"]
[Black "Wang, Yue"]
[WhiteElo "2472"]
[BlackElo "2721"]
[Result "0-1"]

1. e4 c5 2. Nf3 e6 3. d4 cxd4 4. Nxd4 Nc6 5. Nc3 a6 6. Be3 Qc7 7. a3 b5 8. Nxc6 Qxc6 9. Be2 Bb7 10. Qd4 Rc8 11. Rd1 Ne7 12. h4 h5 13. Rh3 Ng6 14. Rd2 f6 15. Rg3 Ne5 16. f4 Ng4 17. Bxg4 hxg4 18. Rxg4 Rh5 19. Qd3 a5 20. f5 Ba6 21. Ne2 b4 22. Qd4 e5 23. Qd5 bxa3 24. bxa3 a4 25. Nc3 Qxd5 26. Nxd5 Bb7 27. Nb6 Rc3 28. Rd3 Rxd3 29. cxd3 Bc6 30. Bc1 Kf7 31. Kd2 Bc5 32. Nc4 d5 33. exd5 Bxd5 34. Ne3 Bb3 35. Ke2 Bd4 36. Bd2 Rh8 37. Nc4 Bxc4 38. dxc4 Bc5 39. Bc1 Rb8 40. Rg3 e4 41. Rc3 Ke7 42. h5 Rb1 43. g4 Bd4 44. Rc2 Kd6 45. Bf4+ Kc6 46. Be3 Bb2 47. c5 Bxa3 48. Bd4 Bc1 49. Rc4 a3 50. Ra4 Kd5 51. c6 Kxc6 52. h6 Bxh6 53. Rxa3 Kd5 54. Ra4 Rc1 55. Be3 Bxe3 56. Kxe3 Rc3+ 57. Kf2 Rc1 58. Ke3 Rc3+ 59. Kf2 Ke5 60. Ra7 Kf4 61. Rxg7 Rc2+ 62. Ke1 e3 

0-1

[Event "3rd China Mind Team"]
[Site "?"]
[Date "2015.09.01"]
[Round "?"]
[White "Wang, Yue"]
[Black "Bu, Xiangzhi"]
[WhiteElo "2721"]
[BlackElo "2712"]
[Result "0-1"]

1. d4 d5 2. c4 c6 3. Nc3 Nf6 4. e3 e6 5. Nf3 Nbd7 6. Qc2 Bd6 7. Bd3 O-O 8. O-O a6 9. b3 e5 10. cxd5 cxd5 11. e4 Qc7 12. Nxd5 Nxd5 13. exd5 Qxc2 14. Bxc2 exd4 15. Bb2 Nf6 16. Nxd4 Be5 17. Rad1 Rd8 18. Rfe1 Rxd5 19. Nc6 Rxd1 20. Rxd1 Bf5 21. Nxe5 Bxc2 22. Rd6 Bb1 23. a3 Rc8 24. f3 Ba2 25. b4 Nd5 26. Nd3 f6 27. Bd4 Rc2 28. Bc5 Bc4 29. g3 b6 30. Bf2 Bxd3 

0-1

[Event "5th Chinese Rapid Masters"]
[Site "?"]
[Date "2015.11.20"]
[Round "?"]
[White "Wang, Chen"]
[Black "Wang, Yue"]
[WhiteElo "2529"]
[BlackElo "2729"]
[Result "0-1"]

1. d4 Nf6 2. Nf3 g6 3. Bf4 Bg7 4. c3 d6 5. h3 O-O 6. e3 b6 7. Be2 Bb7 8. O-O Nbd7 9. Bh2 Ne4 10. Nbd2 Nxd2 11. Nxd2 e5 12. Bf3 Qc8 13. Qc2 Re8 14. dxe5 Nxe5 15. Bxb7 Qxb7 16. Rad1 b5 17. b3 Nd7 18. c4 b4 19. Nf3 Nc5 20. Nd4 Ne4 21. Ne2 a5 22. Rd5 Nc3 23. Nxc3 bxc3 24. e4 a4 25. e5 axb3 26. axb3 dxe5 27. Qxc3 c6 28. Bxe5 f6 

0-1

[Event "5th Chinese Rapid Masters"]
[Site "?"]
[Date "2015.11.20"]
[Round "?"]
[White "Ding, Liren"]
[Black "Wang, Yue"]
[WhiteElo "2781"]
[BlackElo "2729"]
[Result "0-1"]

1. d4 Nf6 2. c4 e6 3. g3 Bb4+ 4. Bd2 a5 5. Bg2 O-O 6. Nf3 b6 7. O-O Bb7 8. Bf4 Be7 9. Nc3 Ne4 10. Qc2 Nxc3 11. Qxc3 d6 12. Qd3 Nd7 13. e4 Bf6 14. Be3 g6 15. Rad1 Bg7 16. Rfe1 e5 17. Bg5 Qe8 18. Qd2 f6 19. Bh6 Qf7 20. Bxg7 Kxg7 21. h4 Rae8 22. b3 Re7 23. h5 g5 24. h6+ Kxh6 25. Nh4 Ree8 26. Nf5+ Kg6 27. Bf3 h5 28. Kg2 Rh8 29. Qe2 h4 30. d5 h3+ 31. Kh2 Bc8 32. a3 Nc5 33. b4 Nb3 34. Bg4 Bxf5 35. Bxf5+ Kg7 36. Qg4 axb4 37. axb4 Nd4 38. c5 bxc5 39. bxc5 dxc5 40. Rc1 Qe7 41. f4 exf4 42. gxf4 Rh4 43. Qd1 Rxf4 44. Rf1 Qe5 

0-1

[Event "5th Chinese Rapid Masters"]
[Site "?"]
[Date "2015.11.21"]
[Round "?"]
[White "Wang, Yue"]
[Black "Bu, Xiangzhi"]
[WhiteElo "2729"]
[BlackElo "2710"]
[Result "1-0"]

1. d4 d5 2. c4 c6 3. Nf3 Nf6 4. Nc3 a6 5. c5 Bf5 6. Qb3 Qc8 7. Nh4 Bg6 8. Na4 Nbd7 9. Bf4 e6 10. f3 Be7 11. g4 Bd8 12. O-O-O Bc7 13. Bg3 O-O 14. e3 Rb8 15. g5 Ne8 16. Nxg6 hxg6 17. Qc2 e5 18. Bh3 exd4 19. exd4 Qd8 20. Kb1 b5 21. Nc3 Rb7 22. Nxd5 Bxg3 23. hxg3 Qxg5 24. Nb4 Nb8 25. Qh2 f5 26. f4 Qe7 27. Bg2 Nf6 28. Nd3 Ng4 29. Qh7+ Kf7 30. Bf3 Nf6 31. Qh2 Nbd7 32. Bxc6 Rc7 33. Bxd7 Nxd7 34. Qc2 Kg8 35. c6 Qe6 36. d5 Qd6 37. Ne5 Rd8 38. Rh8+ 

1-0

[Event "5th Chinese Rapid Masters"]
[Site "?"]
[Date "2015.11.21"]
[Round "?"]
[White "Yu, Yangyi"]
[Black "Wang, Yue"]
[WhiteElo "2734"]
[BlackElo "2729"]
[Result "0-1"]

1. e4 e5 2. Nf3 Nf6 3. Nxe5 d6 4. Nf3 Nxe4 5. Nc3 Nxc3 6. dxc3 Nc6 7. Be3 Be7 8. Qd2 Ne5 9. O-O-O Nxf3 10. gxf3 Be6 11. Kb1 Bf6 12. h4 h5 13. Bg5 Bxg5 14. hxg5 g6 15. Bd3 Qd7 16. Rh4 O-O-O 17. Qf4 Kb8 18. b3 Qc6 19. Kb2 Qc5 20. Rd2 Rhe8 21. Re2 Bd5 22. Qf6 Rc8 23. Rd4 Rxe2 24. Bxe2 

0-1

[Event "5th Chinese Rapid Masters"]
[Site "?"]
[Date "2015.11.22"]
[Round "?"]
[White "Wang, Yue"]
[Black "Ni, Hua"]
[WhiteElo "2729"]
[BlackElo "2696"]
[Result "0-1"]

1. e4 e6 2. d4 d5 3. Nc3 Nf6 4. e5 Nfd7 5. f4 c5 6. Nf3 Nc6 7. Be3 cxd4 8. Nxd4 Bc5 9. Qd2 O-O 10. O-O-O a6 11. Kb1 Bxd4 12. Bxd4 b5 13. h4 b4 14. Ne2 a5 15. h5 Ba6 16. g4 Qc7 17. g5 Bxe2 18. Bxe2 Nxd4 19. Qxd4 Rac8 20. Rc1 Qb7 21. g6 fxg6 22. hxg6 h6 23. Bg4 Qa6 24. b3 Nc5 25. f5 exf5 26. Bf3 Ne6 27. Bxd5 Rfd8 28. Bxe6+ Qxe6 29. Qf4 Rc5 30. Rce1 Re8 31. Rhf1 Qxg6 32. Qxf5 Qxf5 33. Rxf5 Re6 34. c4 bxc3 35. Kc2 g6 

0-1

[Event "CHN-RUS Super Go Pt2"]
[Site "?"]
[Date "2015.12.16"]
[Round "?"]
[White "Karjakin, Sergey"]
[Black "Wang, Yue"]
[WhiteElo "2766"]
[BlackElo "2724"]
[Result "1/2-1/2"]

1. d4 Nf6 2. c4 e6 3. Nf3 b6 4. g3 Bb4+ 5. Bd2 a5 6. Bg2 Bb7 7. O-O O-O 8. Bf4 Be7 9. Qc2 d5 10. Ne5 Qc8 11. Nc3 c5 12. Na4 Ra6 13. dxc5 bxc5 14. Qb3 Nc6 15. Nb6 Qc7 16. Ned7 Qd8 17. Nxf6+ Bxf6 18. Na4 Qe7 19. Nxc5 Qxc5 20. Qxb7 Ra7 21. Qb5 Qxb5 22. cxb5 Nd4 23. e4 Ne2+ 24. Kh1 Nxf4 25. gxf4 dxe4 26. Bxe4 Rb8 27. Rac1 Rd7 28. Rc4 Rd2 29. a4 Rxb2 30. Rb1 Rxb1+ 31. Bxb1 g6 32. Be4 Kf8 33. Kg2 Bd8 34. Rc6 Ke7 35. Kf3 Rb6 36. h3 Rxc6 37. bxc6 Kd6 38. Kg3 Kc5 39. Kf3 Bc7 40. Ke3 Kc4 41. Bd3+ Kb4 42. Bb5 Kc5 43. Kf3 Kd4 44. Ba6 Kd5 45. Bb5 Bb6 46. c7 Bxc7 47. Be8 f5 48. Bf7 Kd6 49. Be8 Ke7 50. Bb5 Kf6 51. Bc4 h6 52. Bb3 g5 53. fxg5+ hxg5 54. Ke2 e5 55. f3 e4 56. fxe4 fxe4 57. Bd5 Ke5 58. Ba8 Kf4 59. Bd5 Ke5 60. Ba8 Kf4 

1/2-1/2

[Event "CHN-RUS Super Go Pt2"]
[Site "?"]
[Date "2015.12.16"]
[Round "?"]
[White "Wang, Yue"]
[Black "Karjakin, Sergey"]
[WhiteElo "2724"]
[BlackElo "2766"]
[Result "0-1"]

1. d4 Nf6 2. c4 e6 3. Nf3 b6 4. Nc3 Bb7 5. a3 d5 6. cxd5 Nxd5 7. e3 g6 8. Bb5+ c6 9. Bd3 Bg7 10. Na4 Qc7 11. O-O O-O 12. e4 Nf4 13. Bc2 c5 14. dxc5 bxc5 15. Bxf4 Qxf4 16. Nxc5 Bc6 17. Rb1 a5 18. b4 axb4 19. axb4 Rc8 20. b5 Be8 21. Na4 Nd7 22. b6 Rab8 23. Bd3 Rd8 24. Qb3 Ne5 25. Nxe5 Bxe5 26. g3 Bxa4 27. Qxa4 Qf3 28. Ba6 Rd2 29. Rb3 Qf6 30. Qa5 Rd4 31. f4 Bd6 32. e5 Qd8 33. exd6 Rxd6 34. Rfb1 Rd1+ 35. Bf1 Qd4+ 36. Kg2 Rxb1 

0-1

[Event "CHN-RUS Super Go Pt2"]
[Site "?"]
[Date "2015.12.16"]
[Round "?"]
[White "Karjakin, Sergey"]
[Black "Wang, Yue"]
[WhiteElo "2766"]
[BlackElo "2724"]
[Result "1-0"]

1. d4 d5 2. c4 c6 3. Nf3 Nf6 4. Nc3 a6 5. a4 e6 6. Bg5 a5 7. e3 Na6 8. Be2 Be7 9. O-O O-O 10. Qb3 Nb4 11. Na2 Nxa2 12. Rxa2 Nd7 13. Bxe7 Qxe7 14. Raa1 dxc4 15. Bxc4 b6 16. Rfd1 Bb7 17. Rac1 Rfd8 18. e4 Qb4 19. Bxe6 fxe6 20. Qxe6+ Kf8 21. d5 cxd5 22. Rc7 Qe7 23. Qxe7+ Kxe7 24. Rxb7 Rab8 25. Rxb8 Rxb8 26. Rxd5 Nc5 27. Nd4 Rc8 28. f3 Nxa4 29. b3 Nc3 30. Nf5+ Kf8 31. Rd7 g6 32. Rxh7 Ne2+ 33. Kf2 Rc2 34. Ne3 Ra2 35. e5 b5 36. Ra7 a4 37. bxa4 bxa4 38. h4 a3 39. Nc4 Nd4+ 40. Kg3 Nf5+ 41. Kh3 Ra1 42. Nxa3 Rh1+ 43. Kg4 Nxh4 44. g3 Nf5 45. Nc4 Rh5 46. f4 Nh6+ 47. Kf3 Nf5 48. Ne3 Nd4+ 49. Ke4 Ne6 50. Ra8+ Kf7 51. Ra7+ Kf8 52. Nd5 Rh1 53. Ne7 Kf7 54. Nf5+ Kf8 55. Nh4 g5 56. Ng6+ Kg8 57. f5 Re1+ 58. Kd5 Ng7 59. f6 Rd1+ 60. Ke4 Re1+ 61. Kd3 Ne6 62. f7+ Kg7 63. f8=Q+ 

1-0

[Event "Elite Mind Games"]
[Site "?"]
[Date "2016.02.28"]
[Round "?"]
[White "Tomashevsky, Evgeny"]
[Black "Wang, Yue"]
[WhiteElo "2728"]
[BlackElo "2718"]
[Result "1-0"]

1. e4 c5 2. Nf3 e6 3. c4 Nc6 4. Nc3 Nge7 5. d4 Nxd4 6. Nxd4 cxd4 7. Qxd4 Nc6 8. Qd3 Bc5 9. a3 Qf6 10. Be3 b6 11. Be2 O-O 12. O-O Bxe3 13. Qxe3 Bb7 14. Rfd1 Rfd8 15. b4 d6 16. Rd2 Ne5 17. Rad1 Ba6 18. b5 Bb7 19. Rxd6 Rxd6 20. Rxd6 Rc8 21. Qd4 h5 22. a4 h4 23. h3 Qf4 24. Rd8+ Rxd8 25. Qxd8+ Kh7 26. Qd4 f5 27. c5 bxc5 28. Qxc5 fxe4 29. Qe3 Qf5 30. Qxa7 e3 31. Qxe3 Qg6 32. Bf1 Nf3+ 33. Kh1 Ng5 34. Bd3 

1-0

[Event "Elite Mind Games"]
[Site "?"]
[Date "2016.02.28"]
[Round "?"]
[White "Li, Chao B"]
[Black "Wang, Yue"]
[WhiteElo "2751"]
[BlackElo "2718"]
[Result "0-1"]

1. Nf3 Nf6 2. g3 g6 3. c4 Bg7 4. Nc3 c5 5. Bg2 Nc6 6. O-O d6 7. d3 O-O 8. Rb1 Rb8 9. a3 a6 10. b4 cxb4 11. axb4 b5 12. c5 dxc5 13. bxc5 Bb7 14. d4 Na5 15. Bf4 Rc8 16. Ne5 Bxg2 17. Kxg2 Nd5 18. Nxd5 Qxd5+ 19. f3 Rfd8 20. Ra1 Nc6 21. Nxc6 Qxc6 22. e3 e5 23. Bg5 f6 24. Qb3+ Kh8 25. Bh4 g5 26. dxe5 gxh4 27. exf6 Bxf6 28. Rad1 Qxc5 29. Qf7 Qe7 30. Qh5 Qxe3 31. Rfe1 Qg5 32. Qf7 Rxd1 33. Rxd1 h3+ 34. Kxh3 Qf5+ 35. Kg2 Rc2+ 

0-1

[Event "Elite Mind Games"]
[Site "?"]
[Date "2016.02.28"]
[Round "?"]
[White "Wang, Yue"]
[Black "Ivanchuk, Vassily"]
[WhiteElo "2718"]
[BlackElo "2710"]
[Result "1-0"]

1. Nf3 d6 2. d4 g6 3. c4 f5 4. Nc3 Nf6 5. g3 Bg7 6. Bg2 O-O 7. O-O c6 8. Rb1 a5 9. Qb3 h6 10. Rd1 Kh7 11. c5 Na6 12. cxd6 exd6 13. d5 c5 14. Nd2 Nc7 15. Nc4 a4 16. Qc2 b5 17. Nb6 Ra6 18. Nxc8 Qxc8 19. e4 b4 20. exf5 Qxf5 21. Qxf5 gxf5 22. Ne2 Re8 23. Nf4 Ne4 24. Bh3 Rf8 25. Bf1 Ra7 26. f3 Nf6 27. Kg2 Nd7 28. Ne6 Rf6 29. Nf4 Nb6 30. Be3 Rf7 31. Bf2 Be5 32. Nd3 Bf6 33. Nxb4 Rb7 34. Nc2 Ncxd5 35. Na3 Rfd7 36. Bd3 Ne7 37. Re1 Nbd5 38. Nc4 Nb4 39. Rxe7+ Rxe7 40. Bxf5+ Kg8 41. a3 Nd5 42. Be4 Rxe4 43. fxe4 

1-0